000 00493nam a2200181Ia 4500
003 GCL
008 140319s9999 xx 000 0 eng d
040 _aGCL /
_cGCL
082 0 4 _a843
_bP M
100 1 _aPIERRE, MICHEL DE SAINT
245 1 0 _aMONSIEUR DE CHARETTE CHEVABIER DU ROI /
_cPIERRE, MICHEL DE SAINT
260 _a[S.N] :
_bLA TABLE RONDE ،
_c1982
300 _a595 P
490 _aCOLLECTION FOLIO
_v0
650 0 4 _aLITERATURE
650 0 4 _aFRENCH LITERATURE
942 _2ddc
_cBK
999 _c23202
_d23202